| 000 | 00479nam a2200205Ia 4500 | ||
|---|---|---|---|
| 003 | OSt | ||
| 005 | 20260221103104.0 | ||
| 008 | 210210b1929 xxu||||| |||| 00| 0 eng d | ||
| 040 | _cAL | ||
| 041 | _aeng | ||
| 082 | _a829/505 | ||
| 100 |
_aHardy T _9256255 |
||
| 245 | _aTrumpet major | ||
| 260 |
_aLondon _bMacmillan & Co. Ltd. _c1929 |
||
| 650 |
_aTrumpet _9256256 |
||
| 650 |
_amajor _9256257 |
||
| 690 |
_aEnglish Fiction _9256258 |
||
| 906 | _a017105 | ||
| 942 |
_2ddc _cBK |
||
| 999 |
_c137063 _d137063 |
||